[Event "C.to Provinciale PD-RO"]
[Site "Monselice ITA"]
[Date "2009.01.11"]
[Round "5"]
[White "Fortunato, Lorenzo"]
[Black "Aliberti, Nicola"]
[Result "1-0"]
[WhiteElo "1443"]
[BlackElo "1717"]
[PlyCount "51"]
[EventDate "2009.01.09"]

1. e4 d6 2. d4 Nf6 3. Nc3 g6 4. Be3 Bg7 5. Qd2 O-O 6. Bh6 Re8 7. Bxg7 Kxg7 8.
h4 h5 9. Nf3 b6 10. Bc4 Rf8 11. Ng5 Nfd7 12. O-O-O a5 13. f3 c6 14. g4 hxg4 15.
fxg4 Nf6 16. Bxf7 Rxf7 17. Nxf7 Kxf7 18. Qf4 Ke8 19. g5 Nh5 20. Qf3 Ba6 21. e5
Kd7 22. exd6 Kxd6 23. Qf7 Qc7 24. Rhe1 Nd7 25. Rxe7 Bc8 26. Re8 1-0

[Event "C.to Provinciale PD-RO"]
[Site "Monselice ITA"]
[Date "2009.01.11"]
[Round "5"]
[White "Fragni, Enrico"]
[Black "Belloni, Umberto"]
[Result "1/2-1/2"]
[WhiteElo "1769"]
[BlackElo "1878"]
[PlyCount "65"]
[EventDate "2009.01.09"]

1. b3 e5 2. Bb2 d6 3. e4 f5 4. d3 Nf6 5. Nd2 c5 6. Be2 f4 7. h4 Nc6 8. Ngf3 h6
9. c3 Bg4 10. Nf1 Qa5 11. Qd2 Be7 12. h5 O-O-O 13. Rh4 Bxf3 14. Bxf3 Nxe4 15.
Bxe4 Bxh4 16. a3 d5 17. Bf5+ Kb8 18. O-O-O Rhf8 19. Bg6 Bg5 20. f3 Ne7 21. Qe2
Nxg6 22. hxg6 Qc7 23. Kb1 Bf6 24. Nd2 Rfe8 25. c4 dxc4 26. dxc4 Rd7 27. Re1
Red8 28. Ne4 Qb6 29. Kc2 a5 30. a4 Qc6 31. Bc3 b6 32. Qf1 Qe6 33. Qf2 1/2-1/2

[Event "C.to Provinciale PD-RO"]
[Site "Monselice ITA"]
[Date "2009.01.11"]
[Round "5"]
[White "Rosina, Graziano"]
[Black "Zanirato, Stefano"]
[Result "1/2-1/2"]
[WhiteElo "1805"]
[BlackElo "1982"]
[PlyCount "123"]
[EventDate "2009.01.09"]

1. Nf3 Nf6 2. d4 d5 3. c4 c6 4. e3 e6 5. Nc3 Bb4 6. a3 Bxc3+ 7. bxc3 O-O 8. Bd3
Nbd7 9. O-O Ne4 10. Bxe4 dxe4 11. Nd2 f5 12. f3 Nf6 13. fxe4 fxe4 14. Qc2 Qa5
15. c5 Bd7 16. Nc4 Qa6 17. Ne5 Ng4 18. Rf4 Nxe5 19. dxe5 g5 20. Rxf8+ Rxf8 21.
c4 Qa5 22. Bd2 Qxc5 23. Qxe4 Rf5 24. Bc3 Be8 25. Qd3 Bg6 26. Qd4 Qxd4 27. exd4
Rf4 28. Rf1 Rxf1+ 29. Kxf1 Bd3+ 30. Kf2 Bxc4 31. Bd2 g4 32. Kg3 Be2 33. Kh4 Kg7
34. Kg5 h6+ 35. Kf4 Kg6 36. a4 h5 37. a5 h4 38. Ke3 Bf1 39. g3 hxg3 40. hxg3
Kf7 41. Bb4 b6 42. axb6 axb6 43. Bd6 Ke8 44. Bc7 b5 45. Bd6 Kd7 46. Kd2 Ke8 47.
Ke3 Kf7 48. Kf4 Be2 49. Ke3 Bd1 50. Ke4 Kg6 51. Kf4 Bf3 52. Bc5 Kf7 53. Ke3 Bd1
54. Bd6 Ke8 55. Ke4 Kd7 56. Kd3 Kc8 57. Kc3 Kb7 58. Be7 Ka6 59. Kb4 Bf3 60. Bd6
Kb6 61. Bc5+ Kc7 62. Kb3 1/2-1/2

[Event "C.to Provinciale PD-RO"]
[Site "Monselice ITA"]
[Date "2009.01.11"]
[Round "5"]
[White "Viaggi, Stefano"]
[Black "Schoonhoven, Edger"]
[Result "0-1"]
[WhiteElo "1900"]
[BlackElo "1518"]
[PlyCount "88"]
[EventDate "2009.01.09"]

1. d4 d5 2. Nf3 Nc6 3. e3 Bg4 4. c4 e5 5. dxe5 d4 6. Qa4 Bb4+ 7. Bd2 Bxd2+ 8.
Nbxd2 dxe3 9. fxe3 Nge7 10. O-O-O O-O 11. h3 Bxf3 12. Nxf3 Qe8 13. Bd3 Kh8 14.
Qb5 Rb8 15. e6 f5 16. Ng5 Qg6 17. h4 a6 18. Qb3 b5 19. c5 Ne5 20. Bc2 a5 21. g4
Nxg4 22. Rd7 a4 23. Qb4 Nxe3 24. Qf4 N7d5 25. Qe5 Nxc2 26. Qxd5 Nb4 27. Qd4 Nc6
28. Qf4 a3 29. h5 Qf6 30. h6 Qxb2+ 31. Kd1 g6 32. Rxh7+ Kg8 33. Rg7+ Kh8 34.
Nf7+ Rxf7 35. Rxf7 Qb1+ 36. Qc1 Qd3+ 37. Qd2 Qf3+ 38. Kc2 Qe4+ 39. Kc1 Qxh1+
40. Kc2 Qe4+ 41. Kc1 Qxe6 42. Rxc7 Qc4+ 43. Qc2 Qf4+ 44. Qd2 Qxc7 0-1

[Event "C.to Provinciale PD-RO"]
[Site "Monselice ITA"]
[Date "2009.01.11"]
[Round "5"]
[White "Xia, Jie"]
[Black "Temporin, Alberto"]
[Result "1-0"]
[WhiteElo "2239"]
[BlackElo "2005"]
[PlyCount "132"]
[EventDate "2009.01.09"]

1. e4 e5 2. Nf3 d6 3. d4 exd4 4. Nxd4 Nf6 5. Nc3 Be7 6. Be2 Bd7 7. O-O O-O 8.
f4 Nc6 9. Nf3 Bg4 10. h3 Bxf3 11. Bxf3 Re8 12. Be3 Bf8 13. Qd2 g6 14. Rad1 Bg7
15. Qf2 Qc8 16. Kh1 Qe6 17. Rfe1 Qc4 18. Bc1 Qa6 19. Qg3 Qa5 20. Bd2 Qc5 21.
Be3 Qa5 22. a3 Nh5 23. Bxh5 Bxc3 24. bxc3 Qxh5 25. Rd5 Qh6 26. f5 Qg7 27. Qh4
f6 28. Bh6 Qf7 29. fxg6 hxg6 30. Rf1 Re6 31. Qg3 Rxe4 32. Rdf5 Re6 33. R5f4 Ne7
34. Qf3 Nf5 35. Rxf5 gxf5 36. Qg3+ Kh7 37. Qh4 Re4 38. Bf4+ Kg8 39. Rf3 Qf8 40.
Rg3+ Kf7 41. Qh5+ Ke6 42. Bh6 Qe8 43. Rg6 Rh4 44. Qe2+ Re4 45. Qh5 Qf7 46. Bg7
Kd7 47. Qxf5+ Qe6 48. Qb5+ Ke7 49. Bxf6+ Kf8 50. Bg7+ Kf7 51. Rxe6 Rxe6 52.
Qxb7 Rae8 53. Bd4 R8e7 54. Qc6 Re1+ 55. Kh2 R1e2 56. Bxa7 Rxc2 57. Qc4+ Kf8 58.
Qc6 Ree2 59. Bd4 Re7 60. a4 Ra2 61. Bf6 Re6 62. Bd8 Rae2 63. Bxc7 Ke7 64. a5
R2e5 65. Bb6 d5 66. Qb7+ Kf6 1-0

[Event "II Trofeo Giovanni Pico"]
[Site "Mirandola ITA"]
[Date "2009.01.09"]
[Round "1"]
[White "Balboni, Lamberto"]
[Black "Bertani, Gianfranco"]
[Result "1-0"]
[WhiteElo "1772"]
[BlackElo "2100"]
[PlyCount "109"]
[EventDate "2009.01.09"]

1. e4 Nf6 2. e5 Nd5 3. c4 Nb6 4. d4 d6 5. f4 g6 6. Nf3 Bg7 7. Nc3 O-O 8. Be3
Bg4 9. h3 Bf5 10. Bd3 Bxd3 11. Qxd3 dxe5 12. fxe5 Nc6 13. Rd1 Qd7 14. O-O Rad8
15. Qe2 f5 16. Kh1 e6 17. Rfe1 Ne7 18. a4 c6 19. a5 Nbc8 20. Qd2 b6 21. axb6
Nxb6 22. b3 Qe8 23. Qa2 Rd7 24. Qa5 Nec8 25. Qc5 Rb7 26. Qb4 Rff7 27. Qa3 Bf8
28. Qc1 Bb4 29. Rd3 a5 30. Red1 Bxc3 31. Rxc3 Rf8 32. Bh6 Rff7 33. Bg5 a4 34.
Bf6 Ra7 35. b4 a3 36. Rxa3 Rxa3 37. Qxa3 Nxc4 38. Qc3 N4b6 39. Rc1 Rc7 40. Bg5
Nd5 41. Qc5 Qf8 42. Qxf8+ Kxf8 43. Bd8 Rd7 44. Ba5 Na7 45. Ng5 Ke7 46. Nxh7 Ne3
47. Nf6 Rb7 48. Kg1 f4 49. h4 g5 50. h5 g4 51. Ra1 Kf7 52. Bb6 Nb5 53. Bc5 Rb8
54. Ra6 Nxd4 55. Ra7+ 1-0

[Event "II Trofeo Giovanni Pico"]
[Site "Mirandola ITA"]
[Date "2009.01.09"]
[Round "1"]
[White "Boni, Gianni"]
[Black "Drei, Andrea"]
[Result "0-1"]
[WhiteElo "1883"]
[BlackElo "2276"]
[PlyCount "86"]
[EventDate "2009.01.09"]

1. b3 e5 2. Bb2 Nc6 3. e3 Nf6 4. Bb5 Bd6 5. Bxc6 dxc6 6. d3 Qe7 7. Nd2 Be6 8.
Qe2 a5 9. Ngf3 Nd7 10. h3 f5 11. O-O O-O 12. e4 f4 13. d4 Bf7 14. dxe5 Nxe5 15.
Nxe5 Bxe5 16. Bxe5 Qxe5 17. Nf3 Qe7 18. Rad1 Rad8 19. Rd2 Rxd2 20. Nxd2 Rd8 21.
Nf3 h6 22. c4 Bh5 23. Re1 Rd6 24. c5 Re6 25. Qc4 Bxf3 26. gxf3 Kh8 27. Qd4 Re5
28. Rd1 Rg5+ 29. Kh2 Qxc5 30. Qxc5 Rxc5 31. Rd2 Kh7 32. h4 Kg6 33. Kh3 h5 34.
Kg2 Kf6 35. Rd7 g5 36. hxg5+ Rxg5+ 37. Kh2 Rg7 38. Rd8 b5 39. Rh8 Kg5 40. Rf8
Rd7 41. Kh3 Rd2 42. Rf5+ Kg6 43. Rxf4 Rxf2 0-1

[Event "II Trofeo Giovanni Pico"]
[Site "Mirandola ITA"]
[Date "2009.01.09"]
[Round "1"]
[White "Camerini, Lorenzo"]
[Black "Solinas, Roberto"]
[Result "1-0"]
[WhiteElo "2101"]
[BlackElo "1773"]
[PlyCount "45"]
[EventDate "2009.01.09"]

1. e4 c6 2. d4 d5 3. exd5 cxd5 4. c4 e6 5. Nf3 Bb4+ 6. Nc3 Nf6 7. cxd5 Nxd5 8.
Bd2 O-O 9. Bd3 Nf6 10. O-O Nc6 11. Bg5 Be7 12. a3 h6 13. Bh4 b6 14. Re1 Bb7 15.
Bc2 Nb8 16. Bb3 Nd5 17. Bxd5 Bxd5 18. Bxe7 Qxe7 19. Nxd5 Qd6 20. Ne3 Rd8 21.
Ne5 Qxd4 22. Qf3 Nd7 23. Nc6 1-0

[Event "II Trofeo Giovanni Pico"]
[Site "Mirandola ITA"]
[Date "2009.01.09"]
[Round "1"]
[White "Campini, Marco"]
[Black "Zuccaro, Guido"]
[Result "1-0"]
[WhiteElo "2075"]
[BlackElo "1770"]
[PlyCount "45"]
[EventDate "2009.01.09"]

1. e4 e6 2. f4 d5 3. e5 c5 4. d4 cxd4 5. Nf3 Nc6 6. Nxd4 Qb6 7. Nb3 Be7 8. c3
Nh6 9. Bd3 O-O 10. Qe2 f6 11. Be3 Qc7 12. exf6 Bxf6 13. Qf3 Qd8 14. Bc5 Rf7 15.
Qe2 e5 16. Qc2 e4 17. Be2 Qc7 18. g3 b6 19. Bg1 Bh3 20. Be3 Ng4 21. Bxg4 Bxg4
22. Na3 Nb4 23. cxb4 1-0

[Event "II Trofeo Giovanni Pico"]
[Site "Mirandola ITA"]
[Date "2009.01.09"]
[Round "1"]
[White "Caramaschi, Vincenzo"]
[Black "Ricci, Alfredo"]
[Result "0-1"]
[WhiteElo "1651"]
[BlackElo "2031"]
[PlyCount "58"]
[EventDate "2009.01.09"]

1. e4 c5 2. Nf3 e6 3. d4 cxd4 4. Nxd4 a6 5. g3 Nf6 6. Bg2 Be7 7. O-O d6 8. c4
O-O 9. Nc3 Bd7 10. Be3 Nc6 11. Nb3 Ne5 12. Qe2 Qc7 13. Nd2 Rac8 14. b3 b5 15.
Rac1 bxc4 16. bxc4 Rfe8 17. Rfd1 Nxc4 18. Nxc4 Qxc4 19. Qxc4 Rxc4 20. f4 Rec8
21. Ne2 Nxe4 22. Bxe4 Rxe4 23. Kf2 Rec4 24. Rxc4 Rxc4 25. Rd2 f6 26. Rb2 Kf7
27. Nd4 e5 28. Nf3 h6 29. h4 Be6 0-1

[Event "II Trofeo Giovanni Pico"]
[Site "Mirandola ITA"]
[Date "2009.01.09"]
[Round "1"]
[White "Corvi, Marco"]
[Black "Jimchi, Abdelaziz"]
[Result "1-0"]
[WhiteElo "2319"]
[BlackElo "1884"]
[PlyCount "165"]
[EventDate "2009.01.09"]

1. c4 Nf6 2. Nc3 e5 3. Nf3 d6 4. g3 Nc6 5. Bg2 Be7 6. O-O O-O 7. d4 exd4 8.
Nxd4 Nxd4 9. Qxd4 a6 10. b3 Rb8 11. Bb2 Be6 12. Nd5 Qd7 13. Rad1 Rfd8 14. Rd2
b5 15. Nxe7+ Qxe7 16. cxb5 axb5 17. Rc1 c5 18. Qh4 Rd7 19. Rcd1 Ne8 20. Qf4 Rb6
21. h4 Ra6 22. Qe3 Rxa2 23. Bc6 Rc7 24. Bxe8 Qxe8 25. Rxd6 Rd7 26. Rxd7 Bxd7
27. Qxe8+ Bxe8 28. Rd8 Kf8 29. Bxg7+ Kxg7 30. Rxe8 Ra3 31. Rc8 Rxb3 32. Rxc5
Rb2 33. Kf1 b4 34. f3 b3 35. Rb5 Rb1+ 36. Kf2 b2 37. Ke3 Kf6 38. g4 Kg6 39. Rb3
Kg7 40. h5 h6 41. Kd2 Kh7 42. Rb7 Kg7 43. Kc3 Rc1+ 44. Kxb2 Rc6 45. Rb3 Re6 46.
e3 Kf6 47. Kc2 Kg5 48. Kd3 Rf6 49. Ke2 Rd6 50. Rb7 Kf6 51. f4 Rd5 52. Rb6+ Kg7
53. Kf3 Rd1 54. Ke4 Rg1 55. Kf5 Rc1 56. Rb5 Rd1 57. Rb6 Rd5+ 58. Ke4 Rd7 59. g5
hxg5 60. fxg5 Re7+ 61. Kf4 Ra7 62. e4 Rc7 63. Rf6 Ra7 64. Kf5 Ra5+ 65. e5 Ra1
66. h6+ Kg8 67. h7+ Kxh7 68. Rxf7+ Kg8 69. Rb7 Rf1+ 70. Kg6 Kf8 71. Rb6 Ke7 72.
Rb7+ Ke6 73. Kg7 Kxe5 74. g6 Ke6 75. Rf7 Rg1 76. Rf2 Ke7 77. Re2+ Kd7 78. Kf7
Rf1+ 79. Kg8 Rg1 80. g7 Kd8 81. Re4 Kd7 82. Rh4 Ke7 83. Kh8 1-0

[Event "II Trofeo Giovanni Pico"]
[Site "Mirandola ITA"]
[Date "2009.01.09"]
[Round "1"]
[White "De Biaggi, Paolo"]
[Black "Correggiari, Amedeo Luigi"]
[Result "1-0"]
[WhiteElo "1904"]
[BlackElo "1440"]
[PlyCount "51"]
[EventDate "2009.01.09"]

1. e4 e5 2. Nf3 d6 3. d4 Nd7 4. Bc4 Be7 5. dxe5 Nxe5 6. Nxe5 dxe5 7. Qh5 g6 8.
Qxe5 Nf6 9. Bh6 Qd6 10. Qxd6 cxd6 11. Nc3 Be6 12. Bb5+ Bd7 13. Bg7 Rg8 14. Bxf6
Bxb5 15. Bxe7 Kxe7 16. Nxb5 Rgc8 17. O-O-O Rc6 18. Nc3 Rac8 19. Nd5+ Ke6 20. c3
f6 21. f4 a5 22. Rhe1 b5 23. a3 Rb8 24. f5+ Ke5 25. g3 Rc4 26. Ne7 1-0

[Event "II Trofeo Giovanni Pico"]
[Site "Mirandola ITA"]
[Date "2009.01.09"]
[Round "1"]
[White "Decaneto, Erick"]
[Black "Trangoni, Bruno"]
[Result "0-1"]
[WhiteElo "1548"]
[BlackElo "1998"]
[PlyCount "82"]
[EventDate "2009.01.09"]

1. d4 g6 2. c4 Bg7 3. Nc3 d6 4. Bf4 Nd7 5. Nf3 e5 6. dxe5 dxe5 7. Bg5 Ne7 8. e4
O-O 9. Nd5 f6 10. Be3 c6 11. Nxe7+ Qxe7 12. Bd3 Nc5 13. Bxc5 Qxc5 14. O-O Be6
15. Qc2 Rad8 16. Rad1 Rd7 17. Be2 Rfd8 18. Rxd7 Rxd7 19. Rd1 Rxd1+ 20. Bxd1
Qxc4 21. Qxc4 Bxc4 22. Bb3 Bxb3 23. axb3 Kf7 24. Nd2 Ke6 25. Kf1 b5 26. Ke2 Bh6
27. f3 a5 28. Kd3 Bxd2 29. Kxd2 Kd6 30. Kc3 Kc5 31. h3 h6 32. g3 f5 33. exf5
gxf5 34. g4 fxg4 35. fxg4 Kd5 36. Kd3 c5 37. Ke3 c4 38. bxc4+ Kxc4 39. h4 b4
40. g5 a4 41. Kd2 a3 0-1

[Event "II Trofeo Giovanni Pico"]
[Site "Mirandola ITA"]
[Date "2009.01.09"]
[Round "1"]
[White "Garofalo, Sergio"]
[Black "Buriani, Andrea"]
[Result "0-1"]
[WhiteElo "1804"]
[BlackElo "2155"]
[PlyCount "94"]
[EventDate "2009.01.09"]

1. d4 d5 2. Nf3 Nf6 3. c4 c6 4. Nc3 Qb6 5. e3 Bf5 6. Nh4 Bg4 7. f3 Be6 8. c5
Qc7 9. Bd3 b6 10. Na4 g6 11. Qe2 Nbd7 12. O-O bxc5 13. Nxc5 Nxc5 14. dxc5 Qa5
15. Bd2 Qxc5 16. Bc3 Bg7 17. Bd4 Qd6 18. Rac1 O-O 19. Qc2 Rfc8 20. f4 Ng4 21.
Bc5 Qc7 22. h3 Nf6 23. f5 gxf5 24. Nxf5 Bxf5 25. Bxf5 Re8 26. Qe2 Rab8 27. Rf4
e6 28. Bb1 Ne4 29. Qh5 f5 30. Bxe4 dxe4 31. b4 Be5 32. Qg5+ Qg7 33. Qxg7+ Kxg7
34. Rf2 a6 35. Rfc2 Kf7 36. Kf2 Red8 37. Ke2 Rd3 38. g4 Rb7 39. gxf5 exf5 40.
a4 Rb8 41. Bd4 Bxd4 42. exd4 Rxb4 43. Rxc6 Rb2+ 44. Ke1 Rxh3 45. Rc7+ Kf6 46.
R1c6+ Kg5 47. Rg7+ Kf4 0-1

[Event "II Trofeo Giovanni Pico"]
[Site "Mirandola ITA"]
[Date "2009.01.09"]
[Round "1"]
[White "Guaragno, Michele"]
[Black "Vezzosi, Paolo"]
[Result "0-1"]
[WhiteElo "1885"]
[BlackElo "2374"]
[PlyCount "72"]
[EventDate "2009.01.09"]

1. e4 c6 2. d4 d5 3. e5 Bf5 4. Bd3 Bxd3 5. Qxd3 e6 6. Nf3 Ne7 7. O-O Nd7 8.
Nbd2 c5 9. c4 cxd4 10. Qxd4 Nc6 11. Qf4 Be7 12. cxd5 exd5 13. Nb3 O-O 14. Re1
Nb6 15. Nbd4 Re8 16. Nf5 Bf8 17. Qg3 Kh8 18. Bf4 Qd7 19. Qh3 h6 20. Rad1 Rac8
21. g4 Qe6 22. N3d4 Nxd4 23. Nxd4 Qg6 24. Nf5 Rc4 25. Qg3 Bb4 26. Re2 Nd7 27.
h3 Nc5 28. Nd6 Nd3 29. Nxc4 dxc4 30. a3 Bc5 31. Be3 Rxe5 32. f4 Rxe3 33. Rxe3
Qe4 34. f5 Bxe3+ 35. Kf1 Nf4 36. Ra1 Qh1+ 0-1

[Event "II Trofeo Giovanni Pico"]
[Site "Mirandola ITA"]
[Date "2009.01.09"]
[Round "1"]
[White "Malfagia, Andrea"]
[Black "Salvioli, Alessandro"]
[Result "1-0"]
[WhiteElo "2263"]
[BlackElo "1875"]
[PlyCount "59"]
[EventDate "2009.01.09"]

1. d4 Nf6 2. c4 g6 3. Nc3 Bg7 4. e4 d6 5. f3 O-O 6. Bg5 e5 7. dxe5 dxe5 8. Qxd8
Rxd8 9. Bxf6 Bxf6 10. Nd5 Nd7 11. Rd1 Bg7 12. Nxc7 Rb8 13. g3 b6 14. Bh3 Rb7
15. Nb5 Bf8 16. Ne2 a6 17. Nd6 Bxd6 18. Rxd6 Rc7 19. Kf2 Kf8 20. Rhd1 Ke7 21.
b3 b5 22. cxb5 axb5 23. b4 f6 24. Be6 Rh8 25. Bb3 Nb8 26. Rb6 Bb7 27. Rc1 Rxc1
28. Nxc1 f5 29. exf5 gxf5 30. Nd3 1-0

[Event "II Trofeo Giovanni Pico"]
[Site "Mirandola ITA"]
[Date "2009.01.09"]
[Round "1"]
[White "Marino, Francesco V."]
[Black "Lagrotteria, Salvatore"]
[Result "0-1"]
[WhiteElo "1854"]
[BlackElo "2215"]
[PlyCount "36"]
[EventDate "2009.01.09"]

1. c4 c6 2. Nf3 d5 3. cxd5 cxd5 4. Nc3 Nf6 5. b3 Nc6 6. Bb2 e5 7. d3 d4 8. Nb1
Bg4 9. Nfd2 Nd5 10. h3 Bf5 11. g3 Bb4 12. a3 Bc3 13. Ra2 Rc8 14. Bg2 Bxb2 15.
Rxb2 Nc3 16. Qc1 Ne7 17. Rc2 Ned5 18. O-O Nxe2+ 0-1

[Event "II Trofeo Giovanni Pico"]
[Site "Mirandola ITA"]
[Date "2009.01.09"]
[Round "1"]
[White "Moi, Roberto"]
[Black "Molinari, Enzo"]
[Result "1-0"]
[WhiteElo "1957"]
[BlackElo "1470"]
[PlyCount "97"]
[EventDate "2009.01.09"]

1. d4 Nf6 2. c4 e6 3. Nf3 Bb4+ 4. Bd2 Bxd2+ 5. Qxd2 d5 6. Nc3 O-O 7. e3 Nbd7 8.
Bd3 c5 9. cxd5 exd5 10. Rc1 cxd4 11. Nxd4 Re8 12. O-O Ne5 13. Bb1 Bd7 14. Rfd1
Rc8 15. Nf5 Bxf5 16. Bxf5 Rc5 17. Qd4 Rc4 18. Qxa7 Qc7 19. Ne2 Neg4 20. Bxg4
Nxg4 21. g3 h5 22. Rxc4 Qxc4 23. Nc3 Qc6 24. Qd4 Ne5 25. Qxd5 Nf3+ 26. Kg2 Ne5
27. f4 Nc4 28. Qxc6 bxc6 29. Rd4 Nxb2 30. Kf3 c5 31. Rd5 g6 32. Rxc5 Nd3 33.
Rc7 Ne1+ 34. Ke2 Nc2 35. e4 Ra8 36. a4 Nd4+ 37. Kd3 Rd8 38. Nd5 Ne6 39. Rc6 h4
40. a5 Kf8 41. a6 Ra8 42. Kc4 Ra7 43. f5 gxf5 44. exf5 Ng5 45. f6 Ra8 46. Nb6
Rd8 47. a7 Nf3 48. Rc8 Ne5+ 49. Kb5 1-0

[Event "II Trofeo Giovanni Pico"]
[Site "Mirandola ITA"]
[Date "2009.01.09"]
[Round "1"]
[White "Raisi, Michele"]
[Black "Binder, Andrea"]
[Result "0-1"]
[WhiteElo "1462"]
[BlackElo "1914"]
[PlyCount "108"]
[EventDate "2009.01.09"]

1. e4 d5 2. e5 c5 3. Bb5+ Nc6 4. Nf3 Bg4 5. c3 e6 6. d4 Qb6 7. Bxc6+ Qxc6 8.
Qd3 Bxf3 9. gxf3 cxd4 10. Qxd4 Ne7 11. Be3 Nf5 12. Qd3 Be7 13. Nd2 a5 14. a4
O-O 15. Nb3 Rfd8 16. Qb5 Qc7 17. f4 Nxe3 18. fxe3 Rdc8 19. Nd4 Qc4 20. Kd2 Bc5
21. Qxc4 dxc4 22. Kc2 Kf8 23. Rhf1 Ke7 24. Rf3 f6 25. Rg1 fxe5 26. fxe5 Rg8 27.
Nb5 Raf8 28. Rxf8 Kxf8 29. Rf1+ Ke7 30. e4 Rf8 31. Rxf8 Kxf8 32. b3 cxb3+ 33.
Kxb3 Ke7 34. Kc4 Be3 35. Nd6 b6 36. Kb5 Kd7 37. Nc4 Bf4 38. Nxb6+ Kc7 39. Nc4
Bxh2 40. Kxa5 Bg1 41. Kb5 h5 42. Nd2 h4 43. Nf3 Bf2 44. Ng5 Kb7 45. c4 Be3 46.
Nf3 h3 47. c5 g5 48. c6+ Kc7 49. Nh2 Bg1 50. Ng4 h2 51. Nf6 h1=Q 52. Ne8+ Kc8
53. Nd6+ Kb8 54. Ne8 Bf2 0-1

[Event "II Trofeo Giovanni Pico"]
[Site "Mirandola ITA"]
[Date "2009.01.09"]
[Round "1"]
[White "Schiatti, Piero"]
[Black "Benedetti, Maurizio"]
[Result "1-0"]
[WhiteElo "1994"]
[BlackElo "1547"]
[PlyCount "97"]
[EventDate "2009.01.09"]

1. c4 e5 2. Nc3 b6 3. Nf3 d6 4. d4 exd4 5. Nxd4 Bb7 6. e4 Nf6 7. f3 g6 8. Be2
Bg7 9. O-O O-O 10. Bg5 Nbd7 11. Qd2 Nc5 12. Bh6 Ne6 13. Nc2 Nh5 14. Bxg7 Kxg7
15. g3 f5 16. exf5 Rxf5 17. g4 Qg5 18. Qxg5 Rxg5 19. h4 Re5 20. gxh5 Nf4 21.
Rae1 Rae8 22. Bd1 Nxh5 23. Rxe5 Rxe5 24. Re1 Kf6 25. Rxe5 Kxe5 26. Kf2 Ng7 27.
Ne3 c6 28. Ne4 Ne6 29. Ng4+ Kd4 30. Nxd6 Ba6 31. b3 Nf4 32. Ne4 Nd3+ 33. Kg3
Nc1 34. a3 Na2 35. Ngf6 h5 36. Kf4 Bc8 37. Bc2 Bf5 38. Bb1 Nc1 39. Nd2 Bxb1 40.
Nxb1 Nxb3 41. Kg5 Kxc4 42. Kxg6 Kd3 43. Kxh5 Nd4 44. Kg4 Kc2 45. h5 Ne6 46. Nd7
Nd8 47. Kf5 Nf7 48. Kg6 Nh8+ 49. Kg7 1-0

[Event "II Trofeo Giovanni Pico"]
[Site "Mirandola ITA"]
[Date "2009.01.09"]
[Round "1"]
[White "Sciortino, Massimo"]
[Black "Zanetto, Marco"]
[Result "1-0"]
[WhiteElo "2196"]
[BlackElo "1815"]
[PlyCount "47"]
[EventDate "2009.01.09"]

1. e4 e6 2. d4 d5 3. Nd2 dxe4 4. Nxe4 Nd7 5. Bd3 Ngf6 6. Qe2 Nxe4 7. Bxe4 c5 8.
Nf3 cxd4 9. O-O Nf6 10. Bg5 Be7 11. Bd3 O-O 12. Rad1 Qc7 13. Nxd4 Bd7 14. Rfe1
h6 15. Bh4 Rfe8 16. c3 a6 17. Bb1 Bc6 18. Qc2 Bd5 19. Bxf6 Bxf6 20. Qh7+ Kf8
21. Nf5 g6 22. Nxh6 Rac8 23. Rxd5 exd5 24. Qg8# 1-0

[Event "II Trofeo Giovanni Pico"]
[Site "Mirandola ITA"]
[Date "2009.01.09"]
[Round "1"]
[White "Setti, Massimo"]
[Black "Fiorentini, Paolo"]
[Result "0-1"]
[WhiteElo "1494"]
[BlackElo "1982"]
[PlyCount "64"]
[EventDate "2009.01.09"]

1. c4 g6 2. d4 Bg7 3. e4 c5 4. d5 d6 5. Nc3 Nf6 6. f4 O-O 7. Nf3 e6 8. Bd3 exd5
9. cxd5 Re8 10. O-O a6 11. a4 Bg4 12. h3 Bxf3 13. Qxf3 Nbd7 14. Be3 Qc7 15.
Rab1 Rab8 16. Bf2 c4 17. Bc2 b5 18. axb5 axb5 19. Rbd1 Qb7 20. Ne2 Rbc8 21. Nd4
Nc5 22. Rfe1 Nfd7 23. h4 Na6 24. h5 Nb4 25. Bb1 Nc5 26. hxg6 fxg6 27. Bg3 Nbd3
28. Bxd3 Bxd4+ 29. Kh2 Nxd3 30. Rh1 Qe7 31. Qg4 Qxe4 32. Qd7 Qf5 0-1

[Event "II Trofeo Giovanni Pico"]
[Site "Mirandola ITA"]
[Date "2009.01.09"]
[Round "1"]
[White "Vicari, Luigi"]
[Black "Bartiromo, Gerardo"]
[Result "1-0"]
[WhiteElo "2000"]
[BlackElo "1631"]
[PlyCount "81"]
[EventDate "2009.01.09"]

1. d4 d6 2. Nf3 Nf6 3. c4 g6 4. Nc3 Bg7 5. Bf4 Nbd7 6. e3 c6 7. Bd3 Nh5 8. Bg5
h6 9. Bh4 g5 10. Nd2 Ndf6 11. Bg3 Nxg3 12. hxg3 Qa5 13. Qc2 e5 14. Nb3 Qc7 15.
O-O-O a5 16. dxe5 dxe5 17. Nc5 b6 18. N5e4 Bb7 19. Nxf6+ Bxf6 20. Bf5 Bc8 21.
Rd2 Bg7 22. Rhd1 Bxf5 23. Qxf5 O-O 24. Rd7 Qc8 25. Qd3 b5 26. Ne4 bxc4 27. Qxc4
Qa6 28. Qxa6 Rxa6 29. Rb7 c5 30. Rdd7 Rg6 31. Re7 f5 32. Nxc5 e4 33. Rxg7+ Rxg7
34. Rxg7+ Kxg7 35. Ne6+ Kf7 36. Nxf8 Kxf8 37. Kd2 Ke7 38. Kc3 Kd6 39. Kd4 g4
40. b3 h5 41. a3 1-0

[Event "II Trofeo Giovanni Pico"]
[Site "Mirandola ITA"]
[Date "2009.01.10"]
[Round "2"]
[White "Bartiromo, Gerardo"]
[Black "Guaragno, Michele"]
[Result "0-1"]
[WhiteElo "1631"]
[BlackElo "1885"]
[PlyCount "112"]
[EventDate "2009.01.09"]

1. e4 c5 2. Nf3 d6 3. c3 Nf6 4. d3 e6 5. Be2 Be7 6. Nbd2 O-O 7. e5 dxe5 8. Nxe5
Qc7 9. Ndf3 b6 10. Bg5 Bb7 11. Bxf6 Bxf6 12. Ng4 Be7 13. Qc2 Nd7 14. h4 h5 15.
Ne3 Rac8 16. Ng5 Bxg5 17. hxg5 g6 18. Rh4 e5 19. O-O-O Qd8 20. Rdh1 Qxg5 21.
Bf3 Bxf3 22. gxf3 Rfd8 23. Kb1 Nf6 24. R4h3 Kf8 25. Qe2 Nd5 26. Rg3 Qf6 27. Nc4
Nf4 28. Qxe5 Qxe5 29. Nxe5 Nxd3 30. Nxd3 Rxd3 31. f4 Rcd8 32. Rxd3 Rxd3 33. f5
Rf3 34. fxg6 fxg6 35. Rh2 Rd3 36. Kc2 Rd6 37. Rh4 Kf7 38. Rf4+ Ke6 39. Rf8 Ke5
40. Rf7 a6 41. Rf8 Rf6 42. Re8+ Kf4 43. Kd2 Kf3 44. Ke1 Kg2 45. Re2 h4 46. f3+
Kg3 47. f4 h3 48. Re3+ Kg2 49. Re2+ Kg1 50. Re3 Kg2 51. Re2+ Kg3 52. Re3+ Kg4
53. Kf2 Rxf4+ 54. Kg1 Rf3 55. Re6 g5 56. Rxb6 Kg3 0-1

[Event "II Trofeo Giovanni Pico"]
[Site "Mirandola ITA"]
[Date "2009.01.10"]
[Round "2"]
[White "Benedetti, Maurizio"]
[Black "Boni, Gianni"]
[Result "1/2-1/2"]
[WhiteElo "1547"]
[BlackElo "1883"]
[PlyCount "62"]
[EventDate "2009.01.09"]

1. c4 b6 2. Nc3 Bb7 3. Nf3 Nf6 4. e3 e6 5. d4 d6 6. Bd3 Be7 7. O-O Nbd7 8. Re1
h6 9. e4 e5 10. b4 O-O 11. d5 a5 12. bxa5 Rxa5 13. Bd2 Nc5 14. Bc2 Qd7 15. Nb5
Raa8 16. a4 c6 17. dxc6 Bxc6 18. Nc3 Rfc8 19. Nd5 Nxd5 20. exd5 Bxa4 21. Be3
Bxc2 22. Qxc2 Bf6 23. Rab1 Ra6 24. Rb5 Rca8 25. Reb1 Ra2 26. Qd1 e4 27. Nd2 Na4
28. Nxe4 Qe7 29. Nxf6+ Qxf6 30. Bd4 Qg5 31. Qe1 Kh7 1/2-1/2

[Event "II Trofeo Giovanni Pico"]
[Site "Mirandola ITA"]
[Date "2009.01.10"]
[Round "2"]
[White "Binder, Andrea"]
[Black "Sciortino, Massimo"]
[Result "1/2-1/2"]
[WhiteElo "1914"]
[BlackElo "2196"]
[PlyCount "48"]
[EventDate "2009.01.09"]

1. Nf3 Nf6 2. g3 g6 3. Bg2 Bg7 4. O-O O-O 5. d3 d6 6. e4 c5 7. c3 Nc6 8. Re1
Bg4 9. h3 Bxf3 10. Bxf3 e5 11. Bg5 Qd7 12. Bxf6 Bxf6 13. Bg2 Rab8 14. Na3 b5
15. Nc2 Bg7 16. Ne3 b4 17. Qc2 f5 18. exf5 gxf5 19. Nd5 bxc3 20. bxc3 f4 21.
Qe2 Rbe8 22. Qh5 fxg3 23. fxg3 Rf5 24. Qg4 Nb8 1/2-1/2

[Event "II Trofeo Giovanni Pico"]
[Site "Mirandola ITA"]
[Date "2009.01.10"]
[Round "2"]
[White "Bolognesi, Alberto"]
[Black "Camerini, Lorenzo"]
[Result "0-1"]
[WhiteElo "1898"]
[BlackElo "2101"]
[PlyCount "69"]
[EventDate "2009.01.09"]

1. Nf3 c5 2. c4 Nf6 3. g3 d5 4. Bg2 d4 5. b4 Nfd7 6. O-O e5 7. bxc5 Bxc5 8. d3
O-O 9. Nbd2 Nc6 10. Nb3 Be7 11. e3 dxe3 12. fxe3 Nb6 13. Qe2 e4 14. dxe4 Bf6
15. Rd1 Qe7 16. Nfd4 Ne5 17. h3 Nbxc4 18. Bb2 Bg5 19. Bc1 Qf6 20. Bd2 Qh6 21.
Nf5 Bxf5 22. exf5 Rad8 23. Kh2 b5 24. Bb4 Rfe8 25. Rxd8 Bxd8 26. Bc5 Qg5 27.
Bd5 Bc7 28. e4 h5 29. Bf2 h4 30. Rg1 Qf6 31. Nd4 a6 32. a4 Nb6 33. Bb7 Nxa4 34.
Bxa6 Qxa6 35. Rb1 0-1